|
|
|
|
| LEADER |
00961nam a22002297a 4500 |
| 001 |
AAL2150 |
| 003 |
BD-DhAAL |
| 005 |
20160419101955.0 |
| 008 |
160419s1983 bg ||||| |||| 00| 0 ben d |
| 040 |
|
|
|a BD-DhAAL
|c BD-DhAAL
|
| 082 |
|
|
|a 491.4403
|
| 245 |
|
|
|a ছোটদের অভিধান /
|c সম্পাদনা বশীর আলহেলাল,শামসুজ্জামান খান
|
| 260 |
|
|
|a ঢাকা :
|b বাংলা একাডেমী,
|c ১৯৮৩
|
| 300 |
|
|
|a 312 p. ;
|c 25 cm.
|
| 541 |
|
|
|e 2150
|
| 650 |
|
|
|a বাংলাভাষা
|9 19122
|
| 700 |
|
|
|a আলহেলাল, বশীর
|9 19123
|
| 700 |
|
|
|a খান, শামসুজ্জামান
|9 19124
|
| 852 |
|
|
|a Savar Campus Library
|c General Shelf
|
| 942 |
|
|
|2 ddc
|c BK
|
| 999 |
|
|
|c 37437
|d 37437
|
| 952 |
|
|
|0 0
|1 0
|2 ddc
|4 0
|6 491_440300000000000_SOT
|7 0
|9 58784
|a SCL
|b SCL
|c GEN
|d 2016-04-19
|g 100.00
|l 0
|o 491.4403 SOT
|p 3020002150
|r 2016-04-19
|t 1
|w 2016-04-19
|y BK
|